Fruits: Tropical and subtropical, Vol.1 (Record no. 13687)
[ view plain ]
| 000 -LEADER | |
|---|---|
| fixed length control field | 00356nam a22001577a 4500 |
| 020 ## - INTERNATIONAL STANDARD BOOK NUMBER | |
| ISBN | 8185971811 |
| 082 ## - DEWEY DECIMAL CLASSIFICATION NUMBER | |
| Classification number | 634.1 |
| Item number | BOS/FR |
| 245 ## - TITLE STATEMENT | |
| Title | Fruits: Tropical and subtropical, Vol.1 |
| 250 ## - EDITION STATEMENT | |
| Edition statement | 3rd rev ed |
| 260 ## - PUBLICATION, DISTRIBUTION, ETC. (IMPRINT) | |
| Place of publication | Calcutta |
| Name of publisher | Naya Udyog |
| Year of publication | 2001 |
| 300 ## - PHYSICAL DESCRIPTION | |
| Number of Pages | 721 |
| 700 ## - ADDED ENTRY--PERSONAL NAME | |
| Personal name | Bose, T.K |
| 700 ## - ADDED ENTRY--PERSONAL NAME | |
| Personal name | Mitra, S.K |
| 700 ## - ADDED ENTRY--PERSONAL NAME | |
| Personal name | Sanyal, D |
| 942 ## - ADDED ENTRY ELEMENTS (KOHA) | |
| Koha item type | Books |
| Withdrawn status | Lost status | Damaged status | Collection code | Home library | Current library | Shelving location | Date acquired | Source of acquisition | Cost, normal purchase price | Full call number | Accession Number | Koha item type |
|---|---|---|---|---|---|---|---|---|---|---|---|---|
| Reference | KAUAET | KAUAET | Reference | 31/03/2012 | International Books and periodical supply service, New Delhi | 2000.00 | 634.1 BOS/FR | 23491 | Reference | |||
| Reference | KAUAET | KAUAET | Reference | 31/03/2012 | International Books and periodical supply service, New Delhi | 2000.00 | 634.1 BOS/FR | 23492 | Reference |
